000 00554nam a2200181Ia 4500
005 20250508151141.0
008 008 250505s9999 xx 000 0 eng d
037 _aBooks to be hide in OPAC
040 _aFEDL
_beng
_cFEDL
041 _aeng
_2eng
084 _a151.22223, EMM
_qFEDL
100 _aEmmett W G
_9758547
245 0 _aUse of intelligence tests in the I I + transfer examination
260 _aLondon, UK
_bUniversity of London Press Limited
300 _a7p.
942 _cHB
_h151.22223, EMM
999 _c1327911
_d1327911